| 000 | 00350nam a2200145 i 4500 | ||
|---|---|---|---|
| 001 | bg | ||
| 100 | 1 | _aKLIMCZAK, Wiesław | |
| 245 | 0 |
_aDrogi rozwojowe Zrzeszenia Studentów Polskich / _cW. Klimczak. |
|
| 260 |
_aWarszawa, _c1970. |
||
| 040 | _cBPK | ||
| 041 | _apol | ||
| 080 | _a378.18 | ||
| 942 | _cKS | ||
| 008 | s pl f |000 0 pol | ||
| 999 |
_c7194 _d7194 |
||
| 856 |
_uhttp://koha.tu.koszalin.pl/cgi-bin/koha/opac-detail.pl?biblionumber=7194 _yKatalog online BPK |
||